000 00338nam a2200145 i 4500
001 bg
100 1 _aCRABBE, Pierre
245 0 _aMetody chiralooptyczne w chemii /
_cPierre Crabbe.
260 _aWarszawa,
_c1974.
040 _cBPK
041 _apol
080 _a543.4:547
942 _cKS
008 s pl f |000 0 pol
999 _c26238
_d26238
856 _uhttp://koha.tu.koszalin.pl/cgi-bin/koha/opac-detail.pl?biblionumber=26238
_yKatalog online BPK